000 00925nam a2200217 a 4500
005 20200104041603.0
008 140127b2006 ck ||||| |||| 00| 0 spa d
040 _cCO-BoIH
041 _aspa
044 _ack
090 _aIAVH
_b00693
110 _bWorld Wildlife Found
_95299
245 _aInforme Planeta Vivo 2006
260 _aBogotá
_bWWF
_bZSL
_c2006
300 _a45 p.
520 _aEl índice Planeta Vivo: especies terrestres, especies marinas, especies de agua dulce. Extracciones de Agua. La huella ecológica: la huella global, la huella por región y por nivel de ingresos, la huella y el desarrollo humano. Escenarios: gestión tradicional, transición lenta, reducción rápida, reducir y compartir, transición hacia una sociedad sostenible
650 _aPlaneta Vivo
_95300
650 _aConservación de Biodiversidad
_9345
710 _a^aSociedad Zoológica de Londres
_95301
942 _cINFORME
_2z
999 _c5867
_d5867